[Event "Velez op 10th"]
[Site "Velez Santander"]
[Date "2023.11.05"]
[Round "9"]
[White "Guevara Munoz, Michelle Tatiana"]
[Black "Cortez Vilca, Tomas"]
[Result "0-1"]
[WhiteElo "1072"]
[BlackElo "1439"]
[PlyCount "114"]
[EventDate "2023.11.01"]
[EventType "swiss"]
[EventRounds "10"]
[EventCountry "COL"]
[SourceTitle "Mega2024 Update 01"]
[Source "Chessbase"]
[SourceDate "2023.11.12"]
[SourceVersion "1"]
[SourceVersionDate "2023.11.12"]
[SourceQuality "1"]

1. e4 c5 2. Nf3 Nc6 3. Bc4 e6 4. Nc3 a6 5. a3 b5 6. Ba2 Nge7 7. d3 d5 8. exd5 Nxd5 9. 0-0 Be7 10. Ne2 0-0 11. Ng3 Bb7 12. c4 Nf6 13. b3 Qd7 14. Bb1 Rfd8 15. Ra2 b4 16. Rd2 a5 17. a4 Ra6 18. Re1 Bd6 19. Ne4 Be7 20. Bb2 Nd4 21. h3 Nxe4 22. Rxe4 Bxe4 23. Nxd4 cxd4 24. dxe4 e5 25. Bd3 Rg6 26. Kf1 Bc5 27. Bc1 Rc6 28. Ra2 Be7 29. Qh5 f6 30. f4 Qe8 31. Qxe8+ Rxe8 32. Rf2 Rf8 33. g3 Bd6 34. f5 Kf7 35. h4 Rcc8 36. Bd2 Ke7 37. g4 Kd7 38. Kg2 Be7 39. Be1 Rg8 40. Kf3 g6 41. Rc2 gxf5 42. exf5 h5 43. Rg2 Rxg4 44. Rxg4 hxg4+ 45. Kxg4 Rg8+ 46. Kh5 Ke8 47. Kh6 Rg1 48. Bf2 Rg2 49. Be1 Rb2 50. h5 Rxb3 51. Bc2 Rc3 52. Bxc3 dxc3 53. Kg7 e4 54. h6 Bf8+ 55. Kxf6 Bxh6 56. Bxe4 b3 57. c5 c2 0-1